Т. 307, № 2; Известия Томского политехнического университета [Известия ТПУ]

Dettagli Bibliografici
Parent link:Известия Томского политехнического университета [Известия ТПУ]/ Томский политехнический университет (ТПУ). Т. 307, № 2.— , 2000-
Lingua:russo
Pubblicazione: 2004
Soggetti:
Natura: MixedMaterials Libro
KOHA link:https://koha.lib.tpu.ru/cgi-bin/koha/opac-detail.pl?biblionumber=168882

MARC

LEADER 00000nam2a2200000 4500
001 168882
005 20231207115848.0
035 |a (RuTPU)RU\TPU\book\183202 
035 |a RU\TPU\book\67491 
090 |a 168882 
100 |a 20091103d2004 k y0rusy50 ca 
101 0 |a rus 
102 |a RU 
105 |a a z 001zd 
200 0 |a Т. 307, № 2 
210 |d 2004 
215 |a 213 с.  |c ил. 
320 |a Библиография в конце статей 
461 1 |0 (RuTPU)RU\TPU\book\176237  |t Известия Томского политехнического университета [Известия ТПУ]  |f Томский политехнический университет (ТПУ)  |v Т. 307, № 2  |d 2000- 
600 1 |a Ушаков  |b В. Я.  |c российский ученый  |c доктор технических наук  |f 1939-  |g Василий Яковлевич  |c профессор ТПУ  |y Томск  |2 stltpush  |3 (RuTPU)RU\TPU\pers\10509 
600 1 |a Халфин  |g Леонтий Леонтьевич  |c российский ученый  |c горный инженер  |c профессор ТПУ  |f 1902 - 1977  |b Л. Л.  |y Томск  |2 stltpui  |3 (RuTPU)RU\TPU\pers\1945 
600 1 |a Похолков  |b Ю. П.  |c российский физик  |f 1939 -  |g Юрий Петрович  |c электротехник  |c ректор Томского политехнического университета  |y Томск  |2 stltpush  |3 (RuTPU)RU\TPU\pers\10508 
600 1 |a Лисицын  |b В. М.  |c российский физик  |c профессор Томского политехнического университета  |f 1939 -  |g Виктор Михайлович  |y Томск  |2 stltpush  |3 (RuTPU)RU\TPU\pers\10510 
601 0 2 |a Томский политехнический университет (ТПУ)  |c (1991- )  |2 stltpush  |3 (RuTPU)RU\TPU\col\376 
606 1 |a Инженерное дело  |2 stltpush  |3 (RuTPU)RU\TPU\subj\12589  |9 39351 
610 1 |a техническое образование 
610 1 |a Сибирь 
610 1 |a Томск 
610 1 |a евклидовы пространства 
610 1 |a электронные пучки 
610 1 |a изотопные эффекты 
610 1 |a диагностика 
610 1 |a плазменные покрытия 
610 1 |a оптические изображения 
610 1 |a вейвлет-базисы 
610 1 |a оптический контроль 
610 1 |a сканирующие устройства 
610 1 |a квазистатическое нагружение 
610 1 |a мезотермальные золотые месторождения 
610 1 |a рудные месторождения 
610 1 |a аномальные геохимические поля 
610 1 |a минеротрофные болота 
610 1 |a уролиты 
610 1 |a минеральный состав 
610 1 |a горные породы 
610 1 |a обрушения 
610 1 |a жидкие диэлектрики 
610 1 |a пробой 
610 1 |a импульсная спектрометрия 
610 1 |a радиационная физика 
610 1 |a листовое стекло 
610 1 |a товарный формалин 
610 1 |a ртуть 
610 1 |a электроокисление 
610 1 |a шлаки 
610 1 |a шлакоудаление 
610 1 |a ленточные пилы 
610 1 |a генераторы синхронные 
610 1 |a электроимпедансная томография 
610 1 |a фтористое минеральное сырье 
610 1 |a экономика 
610 1 |a СССР 
610 1 |a религиозная толерантность 
610 1 |a свобода совести 
610 1 |a руководящие кадры 
610 1 |a подбор 
610 1 |a 20 век 
610 1 |a эсеры 
610 1 |a благородные металлы 
610 1 |a Геолого-аналитический центр "Золото-платина" 
610 1 |a труды учёных ТПУ 
610 1 |a Коллекция История ТПУ 
675 |a 62  |v 3 
801 1 |a RU  |b 63413507  |c 20040518  |g PSBO 
801 2 |a RU  |b 63413507  |c 20221208  |g PSBO 
942 |c CR